100 największych miast w USA - Quiz na Mapie - Statystyki

Ogólne statystyki
  • Ten quiz został rozwiązany 1 088 razy
  • Średni wynik to 32 z 100
Odpowiedzi na mapie
Odpowiedzi zakodowano w zielono-czerwonej skali na mapie do tego quizu, zgodnie z poniższymi procentami.
 
Statystyki odpowiedzi
Stan Miasto Liczba L. % Poprawnych
Nowy Jork Nowy Jork 8.258.000
96%
Kalifornia Los Angeles 3.820.900
94%
Illinois Chicago 2.664.500
92%
Floryda Miami 455.900
88%
D. C. Waszyngton 679.000
86%
Kalifornia San Francisco 809.000
84%
Nevada Las Vegas 660.900
80%
Waszyngton Seattle 755.100
80%
Massachusetts Boston 653.800
79%
Teksas Houston 2.314.200
79%
Teksas Dallas 1.302.900
77%
Kalifornia San Diego 1.388.300
71%
Michigan Detroit 633.200
69%
Pensylwania Filadelfia 1.550.500
69%
Arizona Phoenix 1.650.100
69%
Kolorado Denver 716.600
66%
Luizjana Nowy Orlean 364.100
65%
Georgia Atlanta 510.800
64%
Hawaje Honolulu 341.800
64%
Teksas San Antonio 1.495.300
63%
Oregon Portland 630.500
61%
Indiana Indianapolis 879.300
59%
Oklahoma Oklahoma City 702.800
57%
Teksas Austin 979.900
56%
Kalifornia Sacramento 526.400
56%
Missouri Kansas City 510.700
55%
Floryda Orlando 320.700
53%
Floryda Jacksonville 985.800
51%
Karolina Północna Charlotte 911.300
50%
Minnesota Minneapolis 425.100
49%
Kalifornia San Jose 969.700
47%
Floryda Tampa 403.400
45%
Tennessee Nashville 687.800
41%
Ohio Columbus 913.200
40%
Alaska Anchorage 286.100
38%
Tennessee Memphis 618.600
38%
Wisconsin Milwaukee 561.400
38%
Maryland Baltimore 565.200
37%
Ohio Cleveland 362.700
37%
Teksas El Paso 679.000
37%
Nowy Meksyk Albuquerque 560.300
34%
Teksas Fort Worth 978.500
33%
Missouri Saint Louis 281.800
31%
Ohio Cincinnati 311.100
27%
Minnesota Pittsburgh 303.300
27%
Nowy Jork Buffalo 274.700
25%
Kentucky Louisville 623.000
24%
Arizona Tucson 547.200
24%
Idaho Boise 235.400
22%
Nebraska Omaha 483.300
22%
Wirginia Richmond 229.200
22%
New Jersey Newark 305.000
21%
Kolorado Colorado Springs 488.700
20%
Kalifornia Oakland 436.500
20%
Nevada Reno 274.900
20%
Oklahoma Tulsa 411.900
18%
Kalifornia Long Beach 449.500
17%
Kalifornia Fresno 545.700
16%
New Jersey Jersey City 291.600
16%
Waszyngton Spokane 229.400
16%
Wirginia Virginia Beach 453.600
15%
Nebraska Lincoln 294.700
14%
Minnesota Saint Paul 303.800
14%
Teksas Corpus Christi 316.600
13%
Karolina Północna Raleigh 482.300
13%
Floryda Saint Petersburg 263.500
13%
Ohio Toledo 265.300
13%
Kansas Wichita 396.100
13%
Kalifornia Anaheim 340.500
12%
Kalifornia Bakersfield 413.400
10%
Wirginia Norfolk 230.900
10%
Nevada North Las Vegas 284.800
10%
Kolorado Aurora 395.100
9%
Wisconsin Madison 280.300
9%
Arizona Mesa 511.600
9%
Teksas Arlington 398.400
8%
Kalifornia Santa Ana 310.500
8%
Karolina Północna Greensboro 302.300
7%
Nevada Henderson 337.300
7%
Kentucky Lexington 320.200
7%
Kalifornia Stockton 319.500
7%
Karolina Północna Durham 296.200
6%
Indiana Fort Wayne 270.000
6%
. Alabama Huntsville 225.600
6%
Teksas Lubbock 266.900
6%
Kalifornia Riverside 318.900
6%
Kalifornia Chula Vista 274.300
5%
Kalifornia Irvine 314.600
5%
Teksas Laredo 257.600
5%
Arizona Scottsdale 244.400
5%
Kalifornia Fremont 226.200
4%
Arizona Gilbert 275.400
4%
Arizona Glendale 253.900
4%
Teksas Irving 254.400
4%
Karolina Północna Winston-Salem 253.000
4%
Arizona Chandler 280.200
3%
Wirginia Chesapeake 253.900
3%
Teksas Plano 290.200
3%
Teksas Garland 243.500
2%
Floryda Port Saint Lucie 245.000
2%
Nie znaleziono quizów pasujących do podanych kryteriów
Rozkład punktacji
Procent ludzi z każdym wynikiem
Percentyl według liczby udzielonych odpowiedzi
Twoja historia wyników
Nie rozwiązałeś tego quizu